Food Network Hosts by Show Quiz Stats

Quiz Updated Aug 3, 2015

Challenge
Share
Tweet
Embed
Score 0/20 Timer 03:00
0 Plays Today
Show Host % Correct
Boy Meets GrillBobby Flay
84.3%
Diners, Drive-ins and DivesGuy Fieri
83.3%
30 Minute MealsRachael Ray
82.1%
Good Eats, Cutthroat KitchenAlton Brown
76%
Barefoot ContessaIna Garten
73.1%
Everyday ItalianGiada De Laurentiis
64.7%
Semi-Homemade with ____Sandra Lee
56.7%
Ace of CakesDuff Goldman
55.2%
Down Home with the ____Pat and Gina Neely
53.6%
Dinner: ImpossibleRobert Irvine
45.7%
Show Host % Correct
____'s Home CookingPaula Deen
44.4%
____'s Ultimate, Food Court WarsTyler Florence
40.5%
Secrets of a Restaurant ChefAnne Burrell
39.8%
Ten Dollar Dinners with ____Melissa d'Arabian
30.2%
___ Live! Emeril Lagasse
29.4%
Big Daddy's HouseAaron McCargo Jr
20.4%
Food DetectivesTed Allen
15.9%
Farmhouse RulesNancy Fuller
8.8%
Restaurant StakeoutWillie Degel
4.7%
Heartland TableAmy Thielen
4.2%

You're not logged in!

Compare scores with friends on all Sporcle quizzes.
Sign Up with Email
OR
Log In

You Might Also Like...

Show Comments

Extras

Top Quizzes Today


Score Distribution

Your Account Isn't Verified!

In order to create a playlist on Sporcle, you need to verify the email address you used during registration. Go to your Sporcle Settings to finish the process.